Gaming Quiz

Random Gaming or Board Games Quiz

Rpgs by cover art Quiz Stats

 Plays Quiz not verified by Sporcle

Challenge
Share
Tweet
Score 0/19 Timer 20:00
0 Plays Today
# game % Correct
6pokémon
95.5%
16final fantasy xiii
95.5%
11fable
88.9%
4final fantasy iii/final fantasy vi
88.6%
1mass effect
86.5%
13chrono trigger
86.2%
14dragon age: origins
84.1%
10the elder scrolls iv: oblivion
78.9%
2xenogears
68.5%
7earthbound
67.8%
# game % Correct
15fallout
62.3%
19vagrant story
60.9%
5skies of arcadia
56.7%
12tales of the abyss
56.1%
9valkyria chronicles
52.6%
17valkyrie profile
51.9%
18baten kaitos: eternal wings and the lost ocean
45.7%
3grandia
42.6%
8jeanne d'arc
26.6%

You're not logged in!

Compare scores with friends on all Sporcle quizzes.
Join for Free
OR
Log In

You Might Also Like...

Show Comments

Extras

Top Quizzes Today


Score Distribution

Your Account Isn't Verified!

In order to create a playlist on Sporcle, you need to verify the email address you used during registration. Go to your Sporcle Settings to finish the process.

Report this User

Report this user for behavior that violates our Community Guidelines.

Details: